[Event "Chpt de France Universitaire"]
[Site "Nantes"]
[Date "2013.03.24"]
[Round "9.6"]
[White "Dubessay, Bastien"]
[Black "Castro, John"]
[Result "1-0"]
[WhiteElo "2390"]
[BlackElo "2170"]
[PlyCount "78"]
[EventDate "2013.??.??"]

1. d4 Nf6 2. c4 g6 3. Nc3 Bg7 4. e4 d6 5. f3 O-O 6. Bg5 c6 7. Qd2 e5 8. d5 cxd5
9. cxd5 h6 10. Be3 Kh7 11. Nge2 Ng8 12. g4 f5 13. exf5 gxf5 14. h3 Qh4+ 15. Bf2
Qf6 16. Ng3 Ne7 17. Bd3 Kh8 18. gxf5 Nxf5 19. Nce4 Qe7 20. Nh5 Nh4 21. O-O-O
Nxf3 22. Qe3 Nd4 23. Nxg7 Qxg7 24. Rhg1 Qc7+ 25. Kb1 Nf5 26. Qd2 Na6 27. Ng3
Nc5 28. Bxc5 dxc5 29. Nxf5 Bxf5 30. Ka1 Bxd3 31. Qxd3 Rg8 32. d6 Qh7 33. Qd5
Rxg1 34. Rxg1 Qf5 35. a3 Rd8 36. Qxc5 Qe6 37. Qc7 Qd7 38. Qc4 Qxd6 39. Qf7 Qd7
1-0